Should speculators be taxed?

Gespeichert in:
Bibliographische Detailangaben
1. Verfasser: Dow, James
Weitere Verfasser: Rahi, Rohit
Format: Buch
Sprache:Englisch
Veröffentlicht: San Domenico (FI) European University Institute 1997
Schriftenreihe:EUI Working paper ECO No. 97/21
Schlagworte:
Tags: Tag hinzufügen
Keine Tags, Fügen Sie das erste Tag hinzu!

MARC

LEADER 00000nam a2200000 4500
001 c133431
005 20221124073946.6
041 0 |a eng 
044 |a IT 
245 1 0 |a Should speculators be taxed?  |c James Dow, Rohit Rahi 
264 1 |a San Domenico (FI)  |b European University Institute  |c 1997 
300 |a 18 s. 
490 1 |a EUI Working paper ECO  |v No. 97/21 
830 0 |a EUI Working paper ECO  |v No. 97/21 
610 2 0 |a dane 
610 2 0 |a špekulácie 
610 2 0 |a hedging 
610 2 0 |a dane z obratu 
100 1 |a Dow, James 
700 1 |a Rahi, Rohit